Name the Last Four II Quiz Stats

 Plays Quiz Updated Jul 23, 2019

Score 0/48 Timer 08:00
0 Plays Today
% Correct
Omega
77.1%
Harry Potter and the Deathly Hallows
62.8%
Harry Potter and the Half-Blood Prince
59.1%
Harry Potter and the Goblet of Fire
57%
Cleveland Cavaliers
55.9%
Capricorn
55.4%
10 Lords a Leaping
54.8%
Harry Potter and the Order of the Phoenix
54.7%
Revelation
53.9%
Xenon
53.8%
Golden State Warriors
50.6%
Toronto Raptors
50%
11 Pipers Piping
49.2%
Lady Gaga
48.8%
9 Ladies Dancing
48.8%
Golden State Warriors
47.4%
12 Drummers Drumming
47.4%
Sagittarius
44.9%
Aquarius
44.1%
Pisces
44%
Radon
42.6%
David Tennant
41.7%
Coco
38.3%
Matt Smith
38.2%
% Correct
Krypton
36.1%
Phi
35.6%
Game of Thrones
32.7%
Sonia Sotomayor
30.9%
Psi
30.8%
Toy Story 4
30.1%
Cars 3
30%
The Handmaid's Tale
29.3%
Chi
29.2%
Neil Gorsuch
29.1%
Peter Capaldi
26.8%
Incredibles 2
26.7%
Elena Kagan
25.1%
Game of Thrones
24.6%
Jodie Whittaker
22.4%
Brett Kavanaugh
21.7%
Jude
18.1%
Game of Thrones
18.1%
Second John
17.8%
Third John
17%
Oganesson
6.3%
Gladys Knight
5.7%
Pink
5.5%
Luke Bryan
3.3%

You're not logged in!

Compare scores with friends on all Sporcle quizzes.
OR
Log In

Sporcle TV

Today on Sporcle TV


Watch our educational content, quiz creation guides, and fun videos on Sporcle TV.

Show Comments

Extras

Top Quizzes Today


Score Distribution

Your Account Isn't Verified!

In order to create a playlist on Sporcle, you need to verify the email address you used during registration. Go to your Sporcle Settings to finish the process.

Report this User

Report this user for behavior that violates our Community Guidelines.

Details: